Vainqueures de Roland Garros selon la photo - Statistiques

Statistiques générales
  • Ce quiz a été pris 63 fois
  • Le résultat moyen est 9 sur 15
Statistiques - réponses
Par images Hint Réponse % Correct
🏆 2002, 2013, 2015 Serena Williams
95%
🏆 2020, 2022, 2023, 2024 Iga Swiatek
82%
🏆 2003, 2005, 2006, 2007 Justine Henin
82%
🏆 2012, 2014 Maria Sharapova
82%
🏆 1987, 1988, 1993, 1995, 1996, 1999 Steffi Graf
70%
🏆2018 Simona Halep
65%
🏆 2000 Mary Pierce
63%
🏆 2016 Garbiñe Muguruza
62%
🏆 1982, 1984 Martina Navrátilová
62%
🏆 1990, 1991, 1992 Monica Seles
53%
🏆 1974, 1975, 1979, 1980, 1983, 1985, 1986 Chris Evert
50%
🏆 2008 Ana Ivanovic
42%
🏆 1972 Billie Jean King
37%
🏆 2001 Jennifer Capriati
32%
🏆 1989, 1994, 1998 Arantxa Sánchez Vicario
25%
Aucun quiz correspondant
Distribution des résultats
% des personnes avec chaque résultat
Percentile par nombre de réponses
Votre historique - résultats
Vous n’avez pas pris ce quiz